Länder, die mit einem Konsonanten beginnen UND enden - Statistiken

Allgemein
  • Dieses Quiz wurde 1.718 mal gespielt
  • Das Durchschnittsergebnis liegt bei 70 aus 87
Antwortstatistiken
Länder % Korrekt
Europa B Belgien
96%
Europa D Deutschland
96%
Europa F Finnland
94%
Europa D Dänemark
93%
Europa F Frankreich
93%
Europa G Griechenland
92%
Europa L Lettland
92%
Europa L Luxemburg
92%
Europa R Russland
92%
Europa L Litauen
91%
Europa N Norwegen
91%
Europa S Schweden
91%
Europa P Polen
90%
Europa P Portugal
90%
Europa S Spanien
90%
Europa B Bulgarien
89%
Amerika H Honduras
89%
Europa R Rumänien
89%
Amerika B Brasilien
88%
Europa K Kroatien
88%
Europa V Vatikanstadt
88%
Europa L Liechtenstein
87%
Europa S Serbien
87%
Europa W Weißrussland
87%
Asien J Japan
86%
Asien J Jemen
86%
Amerika K Kolumbien
86%
Europa S Slowenien
86%
Amerika B Bolivien
85%
Asien J Jordanien
85%
Ozeanien N Neuseeland
85%
Europa S Schweiz
85%
Asien K Kasachstan
84%
Asien T Turkmenistan
84%
Asien B Bhutan
83%
Asien G Georgien
83%
Asien L Laos
83%
Asien P Pakistan
83%
Asien T Tadschikistan
83%
Asien V Vietnam
83%
Asien Z Zypern
83%
Afrika L Libyen
82%
Europa M Moldawien
82%
Amerika B Bahamas
81%
Afrika B Benin
81%
Afrika M Mauretanien
81%
Afrika S Sudan
81%
Asien T Thailand
81%
Europa T Tschechien
81%
Afrika T Tunesien
81%
Ozeanien M Mikronesien
79%
Asien N Nepal
79%
Afrika S Südsudan
79%
Afrika G Gabun
78%
Afrika N Niger
78%
Amerika B Barbados
77%
Afrika K Kamerun
77%
Europa M Mazedonien
77%
Afrika Z Zentralafrikanische Republik
77%
Asien B Bangladesch
76%
Asien K Kirgisistan
76%
Asien L Libanon
76%
Afrika M Madagaskar
76%
Afrika S Senegal
75%
Asien S Syrien
75%
Afrika T Tschad
75%
Amerika D Dominikanische Republik
74%
Afrika S Seychellen
74%
Ozeanien M Marshallinseln
73%
Afrika M Mosambik
73%
Ozeanien S Salomonen
73%
Amerika S St. Kitts und Nevis
73%
Asien B Bahrain
72%
Asien K Katar
72%
Afrika K Komoren
72%
Asien S Saudi-Arabien
72%
Amerika S St. Vincent und die Grenadinen
72%
Europa V Vereinigtes Königreich
72%
Asien K Kuwait
70%
Asien M Malediven
70%
Afrika M Mauritius
70%
Asien M Myanmar
70%
Amerika V Vereinigte Staaten
70%
Asien P Philippinen
68%
Asien S Singapur
65%
Asien T Taiwan
64%
Afrika S Swasiland
54%
Keine übereinstimmenden Quizze gefunden
Verteilung der Resultate
Anzahl Personen mit jedem Resultat
Perzentil nach korrekt beantworteten Fragen
Ihre Resultats-Entwicklung
Sie haben dieses Quiz noch nicht gespielt